Quality of life in Korea (Record no. 1112707)
[ view plain ]
| 000 -LEADER | |
|---|---|
| fixed length control field | 01178nam a2200325Ia 4500 |
| 003 - CONTROL NUMBER IDENTIFIER | |
| control field | OSt |
| 005 - DATE AND TIME OF LATEST TRANSACTION | |
| control field | 20221006160215.0 |
| 008 - FIXED-LENGTH DATA ELEMENTS--GENERAL INFORMATION | |
| fixed length control field | 221006b |||||||| |||| 00| 0 eng d |
| 020 ## - INTERNATIONAL STANDARD BOOK NUMBER | |
| International Standard Book Number | 9781402009471 |
| 037 ## - SOURCE OF ACQUISITION | |
| Terms of availability | Textual |
| 040 ## - CATALOGING SOURCE | |
| Original cataloging agency | EASL |
| Transcribing agency | EASL |
| Language of cataloging | eng |
| 041 ## - LANGUAGE CODE | |
| Source of code | eng |
| Language code of text/sound track or separate title | eng |
| 100 ## - MAIN ENTRY--PERSONAL NAME | |
| Personal name | Shin Doh chull Ed. |
| 9 (RLIN) | 672398 |
| 245 #0 - TITLE STATEMENT | |
| Title | Quality of life in Korea |
| Remainder of title | Comparative and dynamic perspectives |
| 260 ## - PUBLICATION, DISTRIBUTION, ETC. | |
| Place of publication, distribution, etc. | Dordrecht |
| Name of publisher, distributor, etc. | Kluwer Academic Publishers Korea |
| Date of publication, distribution, etc. | 2003 |
| 300 ## - PHYSICAL DESCRIPTION | |
| Extent | 537p. |
| Dimensions | cm. |
| 490 ## - SERIES STATEMENT | |
| Volume/sequential designation | KEL |
| Series statement | Social indicators research series Vol.14 |
| 650 ## - SUBJECT ADDED ENTRY--TOPICAL TERM | |
| Topical term or geographic name entry element | Korea - Family structure |
| 9 (RLIN) | 672399 |
| 650 ## - SUBJECT ADDED ENTRY--TOPICAL TERM | |
| Topical term or geographic name entry element | Korea - Health care |
| 9 (RLIN) | 672400 |
| 650 ## - SUBJECT ADDED ENTRY--TOPICAL TERM | |
| Topical term or geographic name entry element | Korea - Social Welfare System |
| 9 (RLIN) | 672401 |
| 650 ## - SUBJECT ADDED ENTRY--TOPICAL TERM | |
| Topical term or geographic name entry element | Life across population groups - Quality of |
| 9 (RLIN) | 672402 |
| 650 ## - SUBJECT ADDED ENTRY--TOPICAL TERM | |
| Topical term or geographic name entry element | Korea - Life - Transformation of |
| 9 (RLIN) | 672403 |
| 700 ## - ADDED ENTRY--PERSONAL NAME | |
| Personal name | Rutkowski Conrad P. etc, Ed. |
| 9 (RLIN) | 672404 |
| 942 ## - ADDED ENTRY ELEMENTS (KOHA) | |
| Classification part | Y:1.495.P01, P3 |
| Koha item type | Textual |
| Source of classification or shelving scheme | Colon Classification (CC) |
| Withdrawn status | Lost status | Source of classification or shelving scheme | Damaged status | Not for loan | Home library | Current library | Date acquired | Source of acquisition | Serial Enumeration / chronology | Total Checkouts | Full call number | Barcode | Date last seen | Price effective from | Koha item type |
|---|---|---|---|---|---|---|---|---|---|---|---|---|---|---|---|
| Colon Classification (CC) | Department of East Asian Studies Library | Department of East Asian Studies Library | 2022-10-06 | Gift, Window on Korea | KEL | Y:1.495.P01 P3 | EA1397370 | 2022-10-06 | 2022-10-06 | Textual |
